Normal view
MARC view
Entry Topical Term
001 - CONTROL NUMBER
- control field: 49448
003 - CONTROL NUMBER IDENTIFIER
- control field: OSt
005 - DATE AND TIME OF LATEST TRANSACTION
- control field: 20241211120207.0
008 - FIXED-LENGTH DATA ELEMENTS
- fixed length control field: 241211|| aca||aabn | a|a d
040 ## - CATALOGING SOURCE
- Original cataloging agency: OSt
- Transcribing agency: OSt
150 ## - HEADING--TOPICAL TERM
- Topical term or geographic name entry element: Municipal election, Political parties, Public opinion, Canada.
670 ## - SOURCE DATA FOUND
- Source citation: Work cat.: (OSt)528534: McGregor, M. Lucas, J. Erl, C. and Anderson, C.D. 49447, Understanding support for municipal political parties: Evidence from Canada
